[Event "FIN-ch Seniors 65 2020"]
[Site "Helsinki"]
[Date "2020.09.27"]
[Round "6.5"]
[White "Saharinen, Petri"]
[Black "Tiensuu, Seppo"]
[Result "1-0"]
[WhiteElo "1720"]
[BlackElo "1412"]
[Annotator "NA"]
[PlyCount "123"]
[EventDate "2020.09.24"]
[EventType "swiss"]
[EventCountry "FIN"]
[SourceTitle "playchess.com"]
[Source "ChessBase"]
[SourceQuality "1"]
[TimeControl "40/5400+30:1800+30"]

1. d4 {[%emt 0:00:00]} Nf6 {[%emt 0:00:00]} 2. c4 {[%emt 0:00:00]} g6 {[%emt 0:00:00]} 3. Nc3 {[%emt 0:00:00]} Bg7 {[%emt 0:00:00]} 4. e4 {[%emt 0:00:03]} d6 {[%emt 0:00:04]} 5. f4 {[%emt 0:00:07]} e6 {[%emt 0:00:14]} 6. Nf3 {[%emt 0:00:09]} O-O {[%emt 0:00:22]} 7. Bd3 {[%emt 0:00:07]} c5 {[%emt 0:03:03]} 8. e5 {[%emt 0:02:41]} Ne8 {[%emt 0:03:13]} 9. dxc5 {[%emt 0:00:33]} dxe5 {[%emt 0:01:38]} 10. fxe5 {[%emt 0:00:12]} Nc6 {[%emt 0:00:41]} 11. Bf4 {[%emt 0:01:30]} Qa5 {[%emt 0:00:42]} 12. Qd2 {[%emt 0:06:15]} Qxc5 {[%emt 0:03:50]} 13. Ne4 {[%emt 0:00:58]} Qa5 {[%emt 0:01:16]} 14. Qxa5 {[%emt 0:00:52]} Nxa5 {[%emt 0:00:07]} 15. O-O {[%emt 0:01:02]} b6 {[%emt 0:02:26]} 16. Bg5 {[%emt 0:00:22]} f6 {[%emt 0:01:14]} 17. exf6 {[%emt 0:05:16]} Nxf6 {[%emt 0:00:36]} 18. Nfd2 {[%emt 0:01:49]} Ne8 {[%emt 0:06:50]} 19. Rxf8+ {[%emt 0:00:16]} Bxf8 {[%emt 0:00:13]} 20. Rf1 {[%emt 0:02:28]} Bg7 {[%emt 0:01:47]} 21. Nf6+ {[%emt 0:06:54]} Nxf6 {[%emt 0:00:33]} 22. Bxf6 {[%emt 0:00:09]} Bd7 {[%emt 0:01:56]} 23. b3 {[%emt 0:03:39]} Bc6 {[%emt 0:08:39]} 24. Be4 {[%emt 0:01:28]} Bh6 {[%emt 0:04:42]} 25. Bxc6 {[%emt 0:00:30]} Be3+ {[%emt 0:01:57]} 26. Kh1 {[%emt 0:00:07]} Nxc6 {[%emt 0:00:19]} 27. Ne4 {[%emt 0:00:27]} Rf8 {[%emt 0:01:26]} 28. g4 {[%emt 0:00:21]} Bd4 {[%emt 0:00:29]} 29. g5 {[%emt 0:00:38]} Be5 {[%emt 0:03:29]} 30. Kg2 {[%emt 0:02:01]} Rf7 {[%emt 0:03:46]} 31. Rd1 {[%emt 0:00:31]} h5 {[%emt 0:04:52]} 32. b4 {[%emt 0:02:47]} Bc7 {[%emt 0:06:14]} 33. b5 {[%emt 0:01:51]} Na5 {[%emt 0:01:39]} 34. c5 {[%emt 0:07:16]} bxc5 {[%emt 0:01:03]} 35. Nxc5 {[%emt 0:00:58]} Nc4 {[%emt 0:00:25]} 36. Re1 {[%emt 0:01:37]} e5 {[%emt 0:02:06]} 37. Ne4 {[%emt 0:04:32]} Na3 {[%emt 0:02:07]} 38. Nc3 {[%emt 0:01:29]} Ba5 {[%emt 0:04:05]} 39. Rc1 {[%emt 0:06:31]} Bxc3 {[%emt 0:03:13]} 40. Rxc3 {[%emt 0:00:10]} Nxb5 {[%emt 0:00:06]} 41. Rc8+ {[%emt 0:32:23]} Rf8 {[%emt 0:30:29]} 42. Rc5 {[%emt 0:00:13]} a6 {[%emt 0:02:54]} 43. a4 {[%emt 0:00:57]} Na7 {[%emt 0:05:20]} 44. Rxe5 {[%emt 0:00:15]} Rc8 {[%emt 0:01:37]} 45. Re7 {[%emt 0:00:50]} Rc2+ {[%emt 0:04:52]} 46. Kg3 {[%emt 0:00:22]} h4+ {[%emt 0:00:56]} 47. Kh3 {[%emt 0:00:37]} Nc8 {[%emt 0:01:37]} 48. Rg7+ {[%emt 0:00:32]} Kf8 {[%emt 0:01:01]} 49. Rxg6 {[%emt 0:00:11]} Ne7 {[%emt 0:02:22]} 50. Bxe7+ {[%emt 0:00:25]} Kxe7 {[%emt 0:00:11]} 51. Rxa6 {[%emt 0:00:45]} Rc4 {[%emt 0:00:15]} 52. g6 {[%emt 0:00:30]} Kf8 {[%emt 0:00:17]} 53. Ra7 {[%emt 0:00:45]} Kg8 {[%emt 0:02:21]} 54. a5 {[%emt 0:00:29]} Ra4 {[%emt 0:00:17]} 55. Rf7 {[%emt 0:03:40]} Rxa5 {[%emt 0:03:39]} 56. Kxh4 {[%emt 0:00:15]} Ra4+ {[%emt 0:00:59]} 57. Kh5 {[%emt 0:00:23]} Ra2 {[%emt 0:01:34]} 58. h4 {[%emt 0:00:24]} Rh2 {[%emt 0:00:12]} 59. Kg5 {[%emt 0:00:28]} Rg2+ {[%emt 0:00:15]} 60. Kh6 {[%emt 0:00:10]} Rg4 {[%emt 0:01:20]} 61. h5 {[%emt 0:00:09]} Rh4 {[%emt 0:02:51]} 62. Ra7 {[%emt 0:00:47]} 1-0

[Event "FIN-ch Seniors 65 2020"]
[Site "Helsinki"]
[Date "2020.09.27"]
[Round "7.1"]
[White "Ruotanen, Helge"]
[Black "Virtanen, Esko"]
[Result "1-0"]
[WhiteElo "1946"]
[BlackElo "1739"]
[Annotator "ChessBase"]
[PlyCount "61"]
[EventDate "2020.09.24"]
[EventType "swiss"]
[EventCountry "FIN"]
[SourceTitle "playchess.com"]
[Source "ChessBase"]
[SourceQuality "1"]
[TimeControl "40/5400+30:1800+30"]

1. g3 {[%emt 0:00:00]} d5 {[%emt 0:00:02]} 2. d3 {[%emt 0:00:00]} Nf6 {[%emt 0:00:27]} 3. Bg2 {[%emt 0:00:00]} c6 {[%emt 0:00:15]} 4. Nc3 {[%emt 0:01:30]} Bg4 {[%emt 0:00:10]} 5. f4 {[%emt 0:01:51]} e6 {[%emt 0:00:53]} 6. h3 {[%emt 0:00:33]} Bh5 {[%emt 0:00:19]} 7. Bd2 {[%emt 0:00:07]} h6 {[%emt 0:00:57]} 8. g4 {[%emt 0:00:14]} Bg6 {[%emt 0:00:03]} 9. e4 {[%emt 0:00:09]} dxe4 {[%emt 0:00:59]} 10. dxe4 {[%emt 0:00:02]} Be7 {[%emt 0:00:55]} 11. Qe2 {[%emt 0:00:09]} O-O {[%emt 0:00:25]} 12. O-O-O {[%emt 0:01:49]} Nbd7 {[%emt 0:01:42]} 13. h4 {[%emt 0:01:38]} h5 {[%emt 0:03:04]} 14. gxh5 {[%emt 0:01:57]} Nxh5 {[%emt 0:00:16]} 15. Rh3 {[%emt 0:00:21]} Bxh4 {[%emt 0:05:39]} 16. Nf3 {[%emt 0:00:21]} Bg3 {[%emt 0:03:11]} 17. Rdh1 {[%emt 0:00:37]} Qa5 {[%emt 0:06:29]} 18. Nd4 {[%emt 0:05:39]} Ndf6 {[%emt 0:01:57]} 19. e5 {[%emt 0:00:59]} Nh7 {[%emt 0:00:50]} 20. Rxh5 {[%emt 0:00:19]} Rfd8 {[%emt 0:02:37]} 21. Nb3 {[%emt 0:00:26]} Qb4 {[%emt 0:00:38]} 22. Rxh7 {[%emt 0:00:24]} Bxh7 {[%emt 0:00:03]} 23. Qh5 {[%emt 0:00:08]} Rxd2 {[%emt 0:01:06]} 24. Qxh7+ {[%emt 0:00:31]} Kf8 {[%emt 0:00:02]} 25. Nxd2 {[%emt 0:00:50]} Rd8 {[%emt 0:00:51]} 26. Qh8+ {[%emt 0:01:13]} Ke7 {[%emt 0:00:18]} 27. Qxg7 {[%emt 0:00:03]} Bxf4 {[%emt 0:00:24]} 28. Qf6+ {[%emt 0:00:12]} Kd7 {[%emt 0:00:11]} 29. Rh4 {[%emt 0:00:29]} Bxd2+ {[%emt 0:00:50]} 30. Kxd2 {[%emt 0:00:02]} Kc8+ {[%emt 0:00:41]} 31. Qxd8+ {[%emt 0:00:07]} 1-0

[Event "FIN-ch Seniors 65 2020"]
[Site "Helsinki"]
[Date "2020.09.27"]
[Round "7.2"]
[White "Auvinen, Esa"]
[Black "Tiensuu, Seppo"]
[Result "1-0"]
[WhiteElo "1809"]
[BlackElo "1412"]
[Annotator "NA"]
[PlyCount "71"]
[EventDate "2020.09.24"]
[EventType "swiss"]
[EventCountry "FIN"]
[SourceTitle "playchess.com"]
[Source "ChessBase"]
[SourceQuality "1"]
[TimeControl "40/5400+30:1800+30"]

1. e4 {[%emt 0:00:00]} e5 {[%emt 0:00:00]} 2. Nf3 {[%emt 0:00:00]} Nc6 {[%emt 0:00:00]} 3. Bb5 {[%emt 0:00:00]} a6 {[%emt 0:00:22]} 4. Bxc6 {[%emt 0:00:00]} bxc6 {[%emt 0:00:45]} 5. Nxe5 {[%emt 0:01:19]} Qe7 {[%emt 0:01:45]} 6. d4 {[%emt 0:00:19]} Nf6 {[%emt 0:00:45]} 7. Nc3 {[%emt 0:00:58]} Bb7 {[%emt 0:00:16]} 8. O-O {[%emt 0:00:24]} g6 {[%emt 0:01:45]} 9. Nf3 {[%emt 0:01:18]} Bg7 {[%emt 0:00:25]} 10. Bg5 {[%emt 0:03:13]} Qe6 {[%emt 0:03:32]} 11. e5 {[%emt 0:03:43]} Nd5 {[%emt 0:00:18]} 12. Ne4 {[%emt 0:09:42]} d6 {[%emt 0:02:48]} 13. c4 {[%emt 0:02:19]} Ne7 {[%emt 0:04:05]} 14. Nf6+ {[%emt 0:02:14]} Bxf6 {[%emt 0:01:17]} 15. exf6 {[%emt 0:00:35]} O-O-O {[%emt 0:02:37]} 16. fxe7 {[%emt 0:00:35]} Rde8 {[%emt 0:00:10]} 17. b3 {[%emt 0:01:56]} h6 {[%emt 0:00:12]} 18. Re1 {[%emt 0:01:16]} Qd7 {[%emt 0:01:06]} 19. Bd2 {[%emt 0:05:23]} Rxe7 {[%emt 0:00:33]} 20. Rxe7 {[%emt 0:00:45]} Qxe7 {[%emt 0:00:12]} 21. Qe1 {[%emt 0:00:56]} Qe6 {[%emt 0:04:12]} 22. Qxe6+ {[%emt 0:00:45]} fxe6 {[%emt 0:00:08]} 23. Re1 {[%emt 0:00:27]} Kd7 {[%emt 0:00:09]} 24. h4 {[%emt 0:02:23]} c5 {[%emt 0:01:56]} 25. dxc5 {[%emt 0:00:10]} Bxf3 {[%emt 0:02:06]} 26. gxf3 {[%emt 0:00:05]} g5 {[%emt 0:01:06]} 27. hxg5 {[%emt 0:00:38]} hxg5 {[%emt 0:00:10]} 28. cxd6 {[%emt 0:00:18]} cxd6 {[%emt 0:00:13]} 29. Bxg5 {[%emt 0:00:37]} Rg8 {[%emt 0:00:15]} 30. f4 {[%emt 0:00:08]} a5 {[%emt 0:02:17]} 31. Kf1 {[%emt 0:00:21]} Rh8 {[%emt 0:02:26]} 32. Kg2 {[%emt 0:02:15]} e5 {[%emt 0:00:31]} 33. Rh1 {[%emt 0:01:18]} Rg8 {[%emt 0:01:36]} 34. Kf3 {[%emt 0:00:14]} exf4 {[%emt 0:00:32]} 35. Bxf4 {[%emt 0:00:10]} Rf8 {[%emt 0:00:25]} 36. Rh6 {[%emt 0:00:43]} 1-0

[Event "FIN-ch Seniors 65 2020"]
[Site "Helsinki"]
[Date "2020.09.27"]
[Round "7.3"]
[White "Jarnstrom, Henrik"]
[Black "Karppinen, Martti"]
[Result "0-1"]
[WhiteElo "1696"]
[BlackElo "1878"]
[Annotator "NA"]
[PlyCount "100"]
[EventDate "2020.09.24"]
[EventType "swiss"]
[EventCountry "FIN"]
[SourceTitle "playchess.com"]
[Source "ChessBase"]
[SourceQuality "1"]
[TimeControl "40/5400+30:1800+30"]

1. e4 {[%emt 0:00:00]} c5 {[%emt 0:00:00]} 2. Be2 {[%emt 0:00:00]} Nc6 {[%emt 0:00:25]} 3. f4 {[%emt 0:00:00]} e5 {[%emt 0:03:18]} 4. d3 {[%emt 0:01:07]} Nf6 {[%emt 0:04:53]} 5. Nf3 {[%emt 0:00:28]} Qc7 {[%emt 0:02:14]} 6. fxe5 {[%emt 0:01:18]} Nxe5 {[%emt 0:01:14]} 7. Nc3 {[%emt 0:00:31]} a6 {[%emt 0:03:17]} 8. O-O {[%emt 0:00:56]} Bd6 {[%emt 0:02:06]} 9. h3 {[%emt 0:01:44]} Nxf3+ {[%emt 0:04:38]} 10. Bxf3 {[%emt 0:00:29]} Be5 {[%emt 0:09:44]} 11. Bg5 {[%emt 0:00:38]} Bd4+ {[%emt 0:03:29]} 12. Kh1 {[%emt 0:00:17]} Qg3 {[%emt 0:02:11]} 13. Bxf6 {[%emt 0:01:30]} Bxf6 {[%emt 0:02:32]} 14. Ne2 {[%emt 1:28:02]} Qh4 {[%emt 0:03:40]} 15. c3 {[%emt 0:00:00]} d6 {[%emt 0:01:16]} 16. Ng1 {[%emt 0:00:00]} Bd7 {[%emt 0:05:12]} 17. Qe1 {[%emt 0:00:00]} O-O-O {[%emt 0:02:24]} 18. Qxh4 {[%emt 0:00:00]} Bxh4 {[%emt 0:00:27]} 19. d4 {[%emt 0:00:00]} Bb5 {[%emt 0:02:03]} 20. Rfd1 {[%emt 0:00:00]} Bf6 {[%emt 0:02:25]} 21. Bg4+ {[%emt 0:00:00]} Kc7 {[%emt 0:00:50]} 22. b3 {[%emt 0:00:00]} h5 {[%emt 0:02:52]} 23. Bf3 {[%emt 0:00:00]} g5 {[%emt 0:00:49]} 24. a4 {[%emt 0:00:00]} Bd7 {[%emt 0:02:25]} 25. dxc5 {[%emt 0:00:00]} dxc5 {[%emt 0:02:14]} 26. Rd5 {[%emt 0:00:00]} g4 {[%emt 0:02:29]} 27. Be2 {[%emt 0:00:00]} Kc6 {[%emt 0:04:05]} 28. Rc1 {[%emt 0:00:00]} Be6 {[%emt 0:01:51]} 29. Rxd8 {[%emt 0:00:00]} Rxd8 {[%emt 0:00:49]} 30. c4 {[%emt 0:00:00]} Rd4 {[%emt 0:03:49]} 31. hxg4 {[%emt 0:00:00]} hxg4 {[%emt 0:00:23]} 32. Rd1 {[%emt 0:00:00]} Rxe4 {[%emt 0:01:06]} 33. g3 {[%emt 0:00:00]} Bd4 {[%emt 0:04:19]} 34. Bf1 {[%emt 0:00:00]} Re5 {[%emt 0:02:21]} 35. Ne2 {[%emt 0:00:00]} Rh5+ {[%emt 0:00:56]} 36. Kg2 {[%emt 0:00:00]} Be5 {[%emt 0:02:10]} 37. Kf2 {[%emt 0:00:00]} Bd6 {[%emt 0:03:58]} 38. Bg2+ {[%emt 0:00:00]} Kc7 {[%emt 0:00:55]} 39. Nc3 {[%emt 0:00:00]} Rh2 {[%emt 0:00:48]} 40. Ne2 {[%emt 0:00:00]} Bf5 {[%emt 0:01:00]} 41. Kg1 {[%emt 0:00:00]} Rh6 {[%emt 0:31:14]} 42. Kf2 {[%emt 0:44:00]} Bc2 {[%emt 0:03:36]} 43. Rd2 {[%emt 0:00:00]} Rf6+ {[%emt 0:01:49]} 44. Kg1 {[%emt 0:00:00]} Bg6 {[%emt 0:00:52]} 45. Nc3 {[%emt 0:00:00]} Re6 {[%emt 0:02:19]} 46. Nd5+ {[%emt 0:00:00]} Kb8 {[%emt 0:00:58]} 47. Kf2 {[%emt 0:00:00]} Be5 {[%emt 0:00:00]} 48. Rd1 {[%emt 0:00:00]} Bd4+ {[%emt 0:00:00]} 49. Kf1 {[%emt 0:00:00]} Bc2 {[%emt 0:00:00]} 50. Rd2 {[%emt 0:00:00]} Bxb3 {[%emt 0:00:00]} 0-1

[Event "FIN-ch Seniors 65 2020"]
[Site "Helsinki"]
[Date "2020.09.27"]
[Round "7.5"]
[White "Koskinen, Hannu E."]
[Black "Saharinen, Petri"]
[Result "1/2-1/2"]
[WhiteElo "1753"]
[BlackElo "1720"]
[Annotator "NA"]
[PlyCount "98"]
[EventDate "2020.09.24"]
[EventType "swiss"]
[EventCountry "FIN"]
[SourceTitle "playchess.com"]
[Source "ChessBase"]
[SourceQuality "1"]
[TimeControl "40/5400+30:1800+30"]

1. Nf3 {[%emt 0:00:00]} Nf6 {[%emt 0:00:00]} 2. c4 {[%emt 0:00:00]} e6 {[%emt 0:00:07]} 3. Nc3 {[%emt 0:00:00]} d5 {[%emt 0:00:30]} 4. d4 {[%emt 0:00:00]} c6 {[%emt 0:02:08]} 5. Bg5 {[%emt 0:00:29]} Be7 {[%emt 0:00:45]} 6. e3 {[%emt 0:00:16]} Nbd7 {[%emt 0:00:10]} 7. Bd3 {[%emt 0:00:50]} dxc4 {[%emt 0:00:27]} 8. Bxc4 {[%emt 0:00:05]} b5 {[%emt 0:00:07]} 9. Bd3 {[%emt 0:01:43]} Bb7 {[%emt 0:00:09]} 10. O-O {[%emt 0:01:35]} O-O {[%emt 0:00:12]} 11. Rc1 {[%emt 0:03:55]} a6 {[%emt 0:00:15]} 12. Qe2 {[%emt 0:08:32]} Rc8 {[%emt 0:00:15]} 13. Bxf6 {[%emt 0:04:32]} Nxf6 {[%emt 0:00:21]} 14. Rfd1 {[%emt 0:04:03]} Nd5 {[%emt 0:03:41]} 15. Nxd5 {[%emt 0:06:35]} Qxd5 {[%emt 0:00:15]} 16. a3 {[%emt 0:19:26]} Qh5 {[%emt 0:00:36]} 17. Ne5 {[%emt 0:00:28]} Qxe2 {[%emt 0:00:39]} 18. Bxe2 {[%emt 0:00:04]} Rc7 {[%emt 0:03:19]} 19. Nd3 {[%emt 0:02:05]} Rd8 {[%emt 0:01:40]} 20. b4 {[%emt 0:02:14]} g6 {[%emt 0:01:12]} 21. Bf3 {[%emt 0:01:54]} f6 {[%emt 0:00:22]} 22. Nc5 {[%emt 0:02:51]} Bc8 {[%emt 0:00:36]} 23. Kf1 {[%emt 0:02:47]} Kf7 {[%emt 0:00:15]} 24. Nb3 {[%emt 0:02:04]} Bd7 {[%emt 0:02:32]} 25. d5 {[%emt 0:02:01]} exd5 {[%emt 0:01:09]} 26. Bxd5+ {[%emt 0:00:57]} Be6 {[%emt 0:00:12]} 27. Bxe6+ {[%emt 0:01:03]} Kxe6 {[%emt 0:00:15]} 28. Rxd8 {[%emt 0:01:34]} Bxd8 {[%emt 0:00:27]} 29. Nc5+ {[%emt 0:01:07]} Kd6 {[%emt 0:01:28]} 30. Rd1+ {[%emt 0:04:57]} Ke7 {[%emt 0:00:24]} 31. Ke2 {[%emt 0:02:53]} Ra7 {[%emt 0:01:22]} 32. Rc1 {[%emt 0:03:00]} a5 {[%emt 0:00:20]} 33. Nb3 {[%emt 0:01:52]} axb4 {[%emt 0:01:19]} 34. axb4 {[%emt 0:00:08]} Ra2+ {[%emt 0:01:38]} 35. Kf3 {[%emt 0:00:29]} Rb2 {[%emt 0:01:11]} 36. Nd4 {[%emt 0:00:42]} Bc7 {[%emt 0:01:33]} 37. Nxb5 {[%emt 0:02:10]} Bxh2 {[%emt 0:00:35]} 38. Nd4 {[%emt 0:04:34]} Be5 {[%emt 0:01:09]} 39. Nxc6+ {[%emt 0:00:51]} Kd6 {[%emt 0:00:26]} 40. Nxe5 {[%emt 0:02:16]} Kxe5 {[%emt 0:00:32]} 41. Rc7 {[%emt 0:33:27]} h5 {[%emt 0:30:29]} 42. Rb7 {[%emt 0:02:27]} g5 {[%emt 0:01:42]} 43. g3 {[%emt 0:00:41]} f5 {[%emt 0:01:14]} 44. b5 {[%emt 0:07:44]} Kd5 {[%emt 0:00:30]} 45. b6 {[%emt 0:00:00]} Kc6 {[%emt 0:00:00]} 46. Rb8 {[%emt 0:00:00]} g4+ {[%emt 0:00:00]} 47. Kg2 {[%emt 0:00:00]} Rxb6 {[%emt 0:00:00]} 48. Rxb6+ {[%emt 0:00:00]} Kxb6 {[%emt 0:00:00]} 49. f3 {[%emt 0:00:00]} Kc5 {[%emt 1:16:02]} 1/2-1/2